1922 1047 1338 1599 1875 1260 1450 1445 1816 1832 1693 1946 1484 1841 1891 1536 1869 1618 1561 1767 1327 1984 1481 1633 1869 1977 1218 1761 1943 1422 1623 1646 1542 1697 1481 1540 1490 1585 1951 1266 1682 1380 1166 1602 1742 1942 1982 1855 1852 1628 1014 1140 1690 1474 1943 1460 1985 1524 1980 1259 1149 1085 1789 1655 1491 1973 1450 1008 1838 1780 1224 1405 1079 1359 1053 1780 1820 1334 1805 1247 1271 1800 1332 1861 1292 1951 1881 1726 1284 1018 1704 1540 1663 1131 1863 1763 1598 1856 1371 BCNSPRNW ULIB Ver.6.0+V

เปลี่ยนเป็นภาษาไทย

Change to English
 แสดงรายละเอียดบรรณานุกรม
  กลับหน้าหลัก

Brief Record : Get Marc (ISO 2709) : E-mail record : QR code < ปิดหน้าต่าง
LEADER : 00000nam 2200000uu 4500
001    13399110928
003     ULIB
008    110613s||||||||th 000 0 tha d
020    9749183320
050  4 AC158^bจ716ด 2004
100    เจนนี วู๊ด
245    เด็กๆรู้ไหมทำไมจิงโจ้มีกระเป๋าหน้าท้อง^cผู้แต่ง เจนนี วู๊ด
260    กรุงเทพฯ : ^bโกรเลียร์ อินเตอร์เนชั่นแนล, ^c2004
300    32 หน้า : ^bภาพประกอบสี ; ^c28 ซม.
650  7 ความรู้รอบตัว
650  7 จิงโจ้
945    ^p350^l0^i029020
995    ทศพร
999 ^a ใช้งานได้ทุกระบบ
รายการนี้ยังไม่มีแท็ก
คุณยังไม่ได้ล็อกอิน คุณสามารถมีกิจกรรมร่วมกับเว็บไซต์ได้ แต่ต้องล็อกอินก่อน ::
  ล็อกอิน

รายการสื่อสารสนเทศ

ลำดับที่ ประเภท เลขเรียก/บาร์โค้ด สถานที่ สถานะ
- ไม่พบข้อมูล -

รายการใกล้เคียง
    หัวเรื่อง [ความรู้รอบตัว]

BibComment


ยังไม่เคยถูกคอมเมนท์

คอมเมนท์ทรัพยากรรายการนี้
  คอมเมนท์: เด็กๆรู้ไหมทำไมจิ..


 Copyright 2026. Bcnsprnw @Library